02281nam a2200373Ia 4500952009800000952009800098952009800196952009800294952011000392952010200502952010200604952010200706999001700808008004100825020001500866050002300881100004700904245007300951250001901024260004901043300003001092500004701122504003201169505039301201519004501594519004501639519004501684519004501729519004501774650001801819650003001837650003301867942000701900 00104070a04b04d2008-07-09l0oQA76.5 V36 2002p04 001448r2013-05-22t1w2012-06-24yLB 00104070a04b04d2008-07-09l0oQA76.5 V36 2002p04 001449r2013-05-22t2w2012-06-24yLB 00104070a04b04d2008-07-09l0oQA76.5 V36 2002p04 001450r2013-05-22t3w2012-06-24yLB 00104070a04b04d2008-07-09l0oQA76.5 V36 2002p04 001451r2013-05-22t4w2012-06-24yLB 00104070a04b04d2008-07-09l2oQA76.5 V36 2002p04 001452r2014-07-30s2014-07-28t5w2012-06-24yLB 00102lcc4070a14b14d2016-10-13l0oQA76.5 V36 2002p14 006790r2016-10-13t1w2016-10-13yLB 00102lcc4070a14b14d2016-10-13l0oQA76.5 V36 2002p14 006791r2016-10-13t2w2016-10-13yLB 00102lcc4070a14b14d2016-10-25l0oQA76.5 V36 2002p14 006803r2016-10-25t3w2016-10-25yLB c62097d62097120625s2002 mx r 001 0 spa d a9702402786 4aQA76.5 bV36 20021 aVasconcelos Santillán, Jorge e , autor 10aIntroducción a la computaciónc / Jorge Vasconcelos Santillán  a2a. edición  aMéxicob : Publicaciones Culturalc , 2002 a338 páginas c ; 25 cm  a1a. edición 1997 5ta. reimpresión 2005 aBibliografía: pp. 335-3360 aIntroducción a la computación Aplicaciones de las computadoras Historia de las computadoras Estructura y funcionamiento de la computadora digital Representación de la información Lenguajes de programación Sistemas operativos Introducción a la programación Solución de problemas Algoritmos Lenguaje de programación Pascal Características avanzadas de Pascal  aMaterial Complementario / d(04 001448)  aMaterial Complementario / d(04 001449)  aMaterial Complementario / d(04 001450)  aMaterial Complementario / d(04 001451)  aMaterial Complementario / d(04 001452)  4aCOMPUTADORAS  4aSOFTWARE DE COMPUTADORAS  4aPROGRAMAS PARA COMPUTADORAS  cLB